<?xml version="1.0" encoding="UTF-8"?>
<record
    xmlns:xsi="http://www.w3.org/2001/XMLSchema-instance"
    xsi:schemaLocation="http://www.loc.gov/MARC21/slim http://www.loc.gov/standards/marcxml/schema/MARC21slim.xsd"
    xmlns="http://www.loc.gov/MARC21/slim">

  <leader>02813nam a22001697a 4500</leader>
  <controlfield tag="003">NUST</controlfield>
  <datafield tag="082" ind1=" " ind2=" ">
    <subfield code="a">005.1,IQB</subfield>
  </datafield>
  <datafield tag="100" ind1=" " ind2=" ">
    <subfield code="a">Iqbal Ch, M Munawwar</subfield>
    <subfield code="9">124509</subfield>
  </datafield>
  <datafield tag="245" ind1=" " ind2=" ">
    <subfield code="a">Development of New Image Fusion Techniques  /</subfield>
    <subfield code="c">M Munawwar Iqbal Ch</subfield>
  </datafield>
  <datafield tag="260" ind1=" " ind2=" ">
    <subfield code="a">Rawalpindi,</subfield>
    <subfield code="b">MCS (NUST),</subfield>
    <subfield code="c">2020</subfield>
  </datafield>
  <datafield tag="300" ind1=" " ind2=" ">
    <subfield code="a">xv, 108 p</subfield>
  </datafield>
  <datafield tag="505" ind1=" " ind2=" ">
    <subfield code="a">The imagefusionprocessaimstocombinethecrucialinformationfrommultipleim-
ages obtainedfromdifferentresources.Numerousimagefusiontechniquesarepro-
posed toachievebetterfusionaccuracyhowevertheygenerallyyieldlessinformative
edge details,introduceartifactsandhaveblurreddetailsinmultifocusimages.More-
over,inmedicalimages,resultantfusedimageshavemissingfinedetailsofdifferent
tissues, improperfusionofdifferenttissuesandboundariesarealsonotclearlydemar-
cated.
This workpresents,differentmulti-focusandmulti-modeltechniquestominimize
the above-mentionedissues/limitation.Crossbilateralfilterwhichprovidesbetterper-
ceptual qualityiscombinedwithnon-subsampledcontourlettransformtomaximize
the usefulinformationpresentinmultiplescalesanddirections.Guidedfilterwhose
computing timeisindependentoffiltersizeandwellpreservesedgesiscombinedwith
discrete wavelettransformformoreinformativeedgedetails.Alphamapalongwith
top hattransformextractscommonpropertiesofdifferentimages.Saliencymapshows
more meaningfulrepresentationofimagethereforeitisusedalongwithcrossbilat-
eral filtertofusemultimodalbrainimagemodalitieswhichhelptocombinethefacts
found inmultiplemedicalimagesthathaveexceptionaldistinctivemodalities.Energy
of Laplaciananddiscretewavelettransformbasedfusionofmultimodalbrainimages
helps toproperlydemarcateboundariesofdifferenttissues.Shiftinvariantdiscrete
wavelettransformandsparsefusionisusedformoreinformativeanatomydetailsof
medical imageswhichhelpsradiologistsinevaluatingdifferentmodalityimages.
Proposed multifocusimagefusionschemesmaintaindifferentimagedetailslikere-
duce edgeblurring,introducelessartifactsandpreservesharpedgedetails.Moreover,
suggested multimodalimagefusionschemesformedicalimagespreservethefinede-
tails ofdifferenttissues,properfusionofdifferenttissuesandclearlydemarcatethe
boundaries toobtainhighqualityfusedimage.Higherquantitativeandqualitativeout-
comes areobservedintheproposedframeworksforfusionschemesascomparedto
other existingschemes.
In generalourresearchworkpresentsmulti-focusandmulti-modelimagefusion
problems intwomaindomainsi.e.photographyapplications(toovercometheproblem
of depthoffieldofcameras)andbiomedicalimaging.Theproposednovelandeffec-
tivealgorithmshavebeentestedonrealworlddatatodemonstratetheirperformance
improvement.</subfield>
  </datafield>
  <datafield tag="650" ind1=" " ind2=" ">
    <subfield code="a">PhD Computer Software Engineering Thesis </subfield>
    <subfield code="9">132801</subfield>
  </datafield>
  <datafield tag="651" ind1=" " ind2=" ">
    <subfield code="a">PhD CSE Thesis</subfield>
    <subfield code="9">132802</subfield>
  </datafield>
  <datafield tag="700" ind1=" " ind2=" ">
    <subfield code="a">Supervised by Dr. Naima Iltaf</subfield>
    <subfield code="9">132895</subfield>
  </datafield>
  <datafield tag="942" ind1=" " ind2=" ">
    <subfield code="2">ddc</subfield>
    <subfield code="c">THE</subfield>
  </datafield>
  <datafield tag="999" ind1=" " ind2=" ">
    <subfield code="c">615914</subfield>
    <subfield code="d">615914</subfield>
  </datafield>
  <datafield tag="952" ind1=" " ind2=" ">
    <subfield code="0">0</subfield>
    <subfield code="1">0</subfield>
    <subfield code="2">ddc</subfield>
    <subfield code="4">0</subfield>
    <subfield code="7">0</subfield>
    <subfield code="a">MCS</subfield>
    <subfield code="b">MCS</subfield>
    <subfield code="c">THE</subfield>
    <subfield code="d">2026-01-26</subfield>
    <subfield code="l">0</subfield>
    <subfield code="o">005.1,IQB</subfield>
    <subfield code="p">MCSPhD CSE-12</subfield>
    <subfield code="r">2026-01-26</subfield>
    <subfield code="w">2026-01-26</subfield>
    <subfield code="y">THE</subfield>
    <subfield code="z">Almirah No.68, Shelf No.5</subfield>
  </datafield>
</record>
